Red sings from treetops : a year in colors / by ... Read More
Available copies
- 2 of 2 copies available at LARL/NWRL Consortium.
- 2 of 2 copies available at Northwest Regional Library. (Show)
Current holds
0 current holds with 2 total copies.
Show Only Available Copies
| Location | Call Number / Copy Notes | Barcode | Shelving Location | Status | Due Date |
|---|---|---|---|---|---|
| Barb Geer Memorial LINK Site | e SID (Text) | 35500004843650 | Main | Available | - |
| Red Lake Falls Public Library | e SID (Text) | 35500004671655 | Main | Available | - |
Record details
- ISBN: 9780547014944
- ISBN: 0547014945
- Physical Description: 1 v. (unpaged) : col. ill. ; 26 cm.
- Publisher: Boston : Houghton Mifflin Books for Children, 2009.
Content descriptions
| Summary, etc.: | The names of colors are woven into unrhymed poems ... Read More |
| Study Program Information Note: | Accelerated Reader/Renaissance Learning LG 3.2 0.5 |
| Awards Note: | A Junior Library Guild selection |
Search for related items by subject
| Subject: | Seasons > Juvenile poetry. Colors > Juvenile poetry. Children's poetry, American. Seasons > Poetry. Color > Poetry. American poetry. |
| Genre: | Children's poetry. |
| LDR | 01931cam a2200445 a 4500 | ||
|---|---|---|---|
| 001 | 106930 | ||
| 003 | LARL_NWRL_CONSORTIUM | ||
| 005 | 20090717095851.0 | ||
| 008 | 080908s2009 maua b 000 1 eng | ||
| 010 | . | ‡a2008035947 | |
| 020 | . | ‡a9780547014944 | |
| 020 | . | ‡a0547014945 | |
| 035 | . | ‡a(OCoLC)255012352 | |
| 037 | . | ‡bJunior Library Guild ‡nhttp://www.juniorlibraryguild.com | |
| 040 | . | ‡aDLC ‡cDLC ‡dBTCTA ‡dABG ‡dRLS ‡dTEF ‡dYDXCP ‡dMOF ‡dEI1 ‡dEHH | |
| 042 | . | ‡alcac | |
| 082 | 0 | 0. | ‡a811/.54 ‡222 |
| 100 | 1 | . | ‡aSidman, Joyce. ‡0(LARL_NWRL_CONSORTIUM)188590 |
| 245 | 1 | 0. | ‡aRed sings from treetops : ‡ba year in colors / ‡cby Joyce Sidman ; illustrated by Pamela Zagarenski. |
| 260 | . | ‡aBoston : ‡bHoughton Mifflin Books for Children, ‡c2009. | |
| 300 | . | ‡a1 v. (unpaged) : ‡bcol. ill. ; ‡c26 cm. | |
| 520 | . | ‡aThe names of colors are woven into unrhymed poems that celebrate the seasons. | |
| 526 | 0 | . | ‡aAccelerated Reader/Renaissance Learning ‡bLG ‡c3.2 ‡d0.5 |
| 586 | 8 | . | ‡aA Junior Library Guild selection |
| 650 | 0. | ‡aSeasons ‡vJuvenile poetry. ‡0(LARL_NWRL_CONSORTIUM)167293 | |
| 650 | 0. | ‡aColors ‡vJuvenile poetry. ‡0(LARL_NWRL_CONSORTIUM)171555 | |
| 650 | 0. | ‡aChildren's poetry, American. ‡0(LARL_NWRL_CONSORTIUM)16454 | |
| 655 | 0. | ‡aChildren's poetry. | |
| 650 | 1. | ‡aSeasons ‡vPoetry. ‡0(LARL_NWRL_CONSORTIUM)167294 | |
| 650 | 1. | ‡aColor ‡vPoetry. | |
| 650 | 1. | ‡aAmerican poetry. ‡0(LARL_NWRL_CONSORTIUM)13411 | |
| 700 | 1 | . | ‡aZagarenski, Pamela. ‡0(LARL_NWRL_CONSORTIUM)192185 |
| 901 | . | ‡a106930 ‡bOCLC ‡c106930 ‡tbiblio | |

Add to basket
Permalink
Disable Highlighting